00715cam a2200181 a 450000100100000000500170001000800410002704000250006804100380009308200150013110000230014624000640016924501200023326000470035330000250040050400340042553400740045900002545120200930023810.0901219s1987 xxu 000 | spa d aDO-SdBNPbspacBNPHU aspaheng2Código de idioma MARC axxxbH875d1 aHubbard, L. Ronald 0aDianetics : the modern science of mental health.lEspañol10aDianética :bla ciencia moderna de la salud mental : un manual de técnicas de dianética /cL. Ronald Hubbard. aLos Angeles :bBridge Publications,c1987. axi, 619 p. ;c18 cm. aIncluye glosario : p. 577-591 aTítulo original :tDianetics : the modern science of mental health.